[Event "Araraquara op"]
[Site "Araraquara"]
[Date "2023.02.20"]
[Round "3.44"]
[White "Vidoto, Fabiano"]
[Black "Barberi, Catarina"]
[Result "1-0"]
[WhiteElo "1837"]
[BlackElo "1433"]
[PlyCount "114"]
[EventDate "2023.02.19"]
[EventType "swiss"]
[EventRounds "6"]
[EventCountry "BRA"]
[SourceTitle "CBM 213 Extra"]
[Source "ChessBase"]
[SourceDate "2023.05.31"]
[SourceVersion "1"]
[SourceVersionDate "2023.05.31"]
[SourceQuality "1"]

1. e4 c5 2. Nf3 e6 3. c3 Nc6 4. Bb5 Nf6 5. Qe2 Be7 6. 0-0 d5 7. Bxc6+ bxc6 8. d3 Qc7 9. c4 Rb8 10. Nc3 h6 11. b3 d4 12. Na4 e5 13. Ba3 Nd7 14. Ne1 g6 15. g3 Qa5 16. Bc1 Nb6 17. Bd2 Qa6 18. Nb2 Bh3 19. Ng2 Qc8 20. f4 exf4 21. Bxf4 Rb7 22. Be5 0-0 23. Bf4 Kh7 24. Nd1 Qd8 25. Nf2 Be6 26. Bd2 Qd7 27. Nf4 Qc8 28. Rae1 Bd8 29. Nxe6 Qxe6 30. Ng4 h5 31. Nf2 Nd7 32. Kg2 Bc7 33. Nh3 Bd8 34. Bc1 Qe5 35. Qd2 Qg7 36. Ng5+ Kg8 37. Rf2 Ne5 38. Nf3 Ng4 39. Rfe2 Ne5 40. Nxe5 Qxe5 41. Qf4 Re8 42. Rf1 Re6 43. Ref2 Re8 44. Qf3 Qe6 45. Ba3 Qe5 46. Qf4 Bb6 47. Qxe5 Rxe5 48. Rf6 Rc7 49. Rd6 Re8 50. Rff6 Re6 51. Rdxe6 fxe6 52. Rxg6+ Kf7 53. Rh6 e5 54. Rxh5 Kf6 55. Rh6+ Ke7 56. Rh7+ Kd6 57. Rxc7 Kxc7 1-0